[Event "Bayernliga U20 1617"]
[Site "Bayern"]
[Date "2017.03.11"]
[Round "7.5"]
[White "Liess, Alexander"]
[Black "Wegmann, Sven"]
[Result "1/2-1/2"]
[WhiteElo "1871"]
[BlackElo "1703"]
[PlyCount "91"]
[EventDate "2016.11.12"]
[EventType "team-tourn"]
[EventRounds "7"]
[EventCountry "GER"]
[SourceTitle "EXT 2022"]
[Source "ChessBase"]
[SourceDate "2021.10.06"]
[SourceVersion "1"]
[SourceVersionDate "2021.10.06"]
[SourceQuality "1"]
[WhiteTeam "Regensburg Bavaria"]
[BlackTeam "Erlangen SC U20"]
[WhiteTeamCountry "GER"]
[BlackTeamCountry "GER"]

1. d4 d5 2. c4 e6 3. Nc3 c5 4. cxd5 exd5 5. dxc5 Be6 6. Qd3 Nc6 7. Nf3 Bxc5 8. g3 Qb6 9. e3 Rd8 10. Bg2 d4 11. exd4 Nxd4 12. Nxd4 Bxd4 13. Qb5+ Rd7 14. 0-0 Ne7 15. Qxb6 Bxb6 16. Bg5 0-0 17. Rad1 Nc6 18. Rxd7 Bxd7 19. Nd5 Bc5 20. Rc1 b6 21. a3 Nd4 22. Rd1 Bg4 23. Rd2 Re8 24. Be3 Nf3+ 25. Bxf3 Bxf3 26. b4 Bxe3 27. Nxe3 f6 28. Kf1 Kf7 29. Rd7+ Re7 30. Rxe7+ Kxe7 31. Nf5+ Kf8 32. Ke1 g6 33. Nd6 Bg4 34. Kd2 Ke7 35. Nb5 a6 36. Nd4 Kd6 37. f3 Kd5 38. Kc3 Bd7 39. h4 h6 40. Ne2 Kc6 41. Kd4 Kd6 42. Nf4 g5 43. Nd5 gxh4 44. gxh4 Bc6 45. Nxf6 Bxf3 46. Ne4+ 1/2-1/2

[Event "Bayernliga U20 1617"]
[Site "Bayern"]
[Date "2017.03.11"]
[Round "6.5"]
[White "Weisheit, Erik"]
[Black "Wegmann, Sven"]
[Result "0-1"]
[WhiteElo "1727"]
[BlackElo "1703"]
[PlyCount "94"]
[EventDate "2016.11.12"]
[EventType "team-tourn"]
[EventRounds "7"]
[EventCountry "GER"]
[SourceTitle "EXT 2022"]
[Source "ChessBase"]
[SourceDate "2021.10.06"]
[SourceVersion "1"]
[SourceVersionDate "2021.10.06"]
[SourceQuality "1"]
[WhiteTeam "Augsburg SF U20"]
[BlackTeam "Erlangen SC U20"]
[WhiteTeamCountry "GER"]
[BlackTeamCountry "GER"]

1. e4 c5 2. Nf3 d6 3. d4 cxd4 4. Nxd4 Nf6 5. Nc3 g6 6. Be3 Bg7 7. Be2 Nc6 8. 0-0 0-0 9. f4 Qb6 10. Ncb5 Ng4 11. Bxg4 Bxg4 12. Qxg4 Nxd4 13. Qd1 Qxb5 14. Bxd4 Rac8 15. Bxg7 Kxg7 16. Qd4+ Kg8 17. Rac1 Rc4 18. Qd3 Rfc8 19. b3 Qc5+ 20. Rf2 Rd4 21. Qe2 Qa3 22. Qe3 Rxe4 23. Qxe4 Qxc1+ 24. Rf1 Qxc2 25. Qxe7 Qc6 26. f5 Qb6+ 27. Kh1 Qf2 28. Rd1 Qd2 29. Re1 Rc1 30. Qd8+ Kg7 31. f6+ Kh6 32. Qf8+ Kg5 33. h4+ Kh5 34. Rxc1 Qxc1+ 35. Kh2 Qf4+ 36. g3 Qxf6 37. Qc8 Qf2+ 38. Kh3 Qf1+ 39. Kh2 f5 40. Qxb7 Qf2+ 41. Kh3 Qf1+ 42. Kh2 Kg4 43. Qb4+ f4 44. Qd4 Qe2+ 45. Kh1 Kxg3 46. Qg1+ Kh3 47. b4 Qf3+ 0-1

[Event "Bayernliga U20 1516"]
[Site "Bayern"]
[Date "2016.02.27"]
[Round "7.6"]
[White "Wegmann, Sven"]
[Black "Schwab, Leon"]
[Result "1-0"]
[WhiteElo "1666"]
[BlackElo "1429"]
[PlyCount "39"]
[EventDate "2015.11.21"]
[EventType "team-tourn"]
[EventRounds "7"]
[EventCountry "GER"]
[SourceTitle "EXT 2022"]
[Source "ChessBase"]
[SourceDate "2021.10.06"]
[SourceVersion "1"]
[SourceVersionDate "2021.10.06"]
[SourceQuality "1"]
[WhiteTeam "Erlangen SC U20"]
[BlackTeam "Kelheim SK U20"]
[WhiteTeamCountry "GER"]
[BlackTeamCountry "GER"]

1. e4 d6 2. d4 Nf6 3. Nc3 g6 4. Nf3 Bg7 5. Be2 0-0 6. 0-0 e5 7. Bg5 Qe8 8. Qd3 Nc6 9. Nb5 Qd7 10. Rad1 a6 11. Nc3 Re8 12. dxe5 Nxe5 13. Nxe5 Rxe5 14. Bf4 Rc5 15. e5 dxe5 16. b4 Qxd3 17. Rxd3 Rxc3 18. Rd8+ Bf8 19. Bh6 Nd7 20. Rd1 1-0

[Event "Mittelfranken-chTB2b 1415"]
[Site "Mittelfranken"]
[Date "2015.03.22"]
[Round "8.8"]
[White "Wegmann, Sven"]
[Black "Wichmann, Joerg"]
[Result "1-0"]
[WhiteElo "1666"]
[BlackElo "1401"]
[PlyCount "55"]
[EventDate "2014.09.28"]
[EventType "team-tourn"]
[EventRounds "9"]
[EventCountry "GER"]
[SourceTitle "EXT 2020"]
[Source "ChessBase"]
[SourceDate "2019.10.17"]
[SourceVersion "1"]
[SourceVersionDate "2019.10.17"]
[SourceQuality "1"]
[WhiteTeam "Erlangen SC III"]
[BlackTeam "Forchheim III"]
[WhiteTeamCountry "GER"]
[BlackTeamCountry "GER"]

1. e4 c5 2. Nf3 Nc6 3. d4 cxd4 4. Nxd4 e5 5. Nb5 d6 6. N1c3 a6 7. Na3 Nf6 8. Bg5 Be6 9. Nc4 Bxc4 10. Bxc4 Be7 11. 0-0 0-0 12. Be3 b5 13. Bd5 Rc8 14. a3 Qd7 15. Qd2 Qg4 16. Rad1 Nh5 17. Bxc6 Rxc6 18. Nd5 Bh4 19. f3 Qg6 20. c3 f5 21. exf5 Rxf5 22. b4 Rc4 23. Kh1 Ng3+ 24. hxg3 Qxg3 25. Kg1 Rh5 26. Nf6+ Bxf6 27. Qd5+ Kh8 28. Qa8+ 1-0

[Event "GER-chT U20"]
[Site "Osnabrueck"]
[Date "2013.12.30"]
[Round "7.4"]
[White "Mikeler, Marcel"]
[Black "Wegmann, Sven"]
[Result "0-1"]
[WhiteElo "1735"]
[BlackElo "1538"]
[PlyCount "162"]
[EventDate "2013.12.27"]
[EventType "team-swiss"]
[EventRounds "7"]
[EventCountry "GER"]
[SourceTitle "EXT 2015"]
[Source "ChessBase"]
[SourceDate "2014.11.20"]
[SourceVersion "1"]
[SourceVersionDate "2014.11.20"]
[SourceQuality "1"]
[WhiteTeam "Heilbronn"]
[BlackTeam "Erlangen"]
[WhiteTeamCountry "GER"]
[BlackTeamCountry "GER"]

1. d4 d5 2. c4 e6 3. Nc3 c5 4. Nf3 Nc6 5. e3 Nf6 6. b3 Be7 7. Bb2 0-0 8. Be2 b6 9. 0-0 Bb7 10. Rc1 Rc8 11. Qd2 Qd7 12. Rfd1 Rfd8 13. h3 Na5 14. Ne5 Qe8 15. cxd5 Nxd5 16. Bb5 Nc6 17. Nxd5 Rxd5 18. Qe2 Qd8 19. Nxc6 Bxc6 20. Bc4 Rd7 21. dxc5 Bxc5 22. Rxd7 Qxd7 23. Qg4 g6 24. Rd1 Qc7 25. Qg5 Be7 26. Qh6 Bf8 27. Qh4 Bg7 28. Bxg7 Kxg7 29. Qd4+ Kg8 30. a4 Qe7 31. e4 Qc7 32. e5 Kf8 33. f3 Ke8 34. Kf2 Rd8 35. Qxd8+ Qxd8 36. Rxd8+ Kxd8 37. Ke3 Kd7 38. g3 h6 39. f4 Ke7 40. Kd4 Kd7 41. Bf1 Kc7 42. g4 Kd7 43. Be2 Ke7 44. h4 Bd5 45. b4 Kd8 46. Ke3 Bc6 47. a5 Ke7 48. Bd3 Bd7 49. Be4 Bc8 50. axb6 axb6 51. Bc6 Bd7 52. Bxd7 Kxd7 53. Kd4 Kc6 54. Kc4 Kc7 55. b5 Kd7 56. Kd4 Ke7 57. Ke4 Kf8 58. h5 Ke7 59. Kf3 Kf8 60. Kg3 Kg7 61. Kh4 Kh7 62. g5 Kg7 63. gxh6+ Kxh6 64. hxg6 Kxg6 65. Kg4 f6 66. exf6 Kxf6 67. Kf3 Kf5 68. Ke3 e5 69. fxe5 Kxe5 70. Kd3 Kd5 71. Kc3 Kc5 72. Kb3 Kxb5 73. Kc3 Ka4 74. Kc2 Ka3 75. Kb1 b5 76. Ka1 Kb3 77. Kb1 b4 78. Ka1 Kc2 79. Ka2 b3+ 80. Ka3 b2 81. Ka4 b1Q 0-1

[Event "Forchheim op-B 12th"]
[Site "Forchheim"]
[Date "2013.09.29"]
[Round "5"]
[White "Wegmann, Sven"]
[Black "Thuerauf, Peter"]
[Result "0-1"]
[WhiteElo "1670"]
[BlackElo "1865"]
[PlyCount "66"]
[EventDate "2013.09.27"]
[EventType "swiss"]
[EventRounds "5"]
[EventCountry "GER"]
[SourceTitle "EXT 2019"]
[Source "ChessBase"]
[SourceDate "2018.10.10"]
[SourceVersion "1"]
[SourceVersionDate "2018.10.10"]
[SourceQuality "1"]

1. e4 c5 2. Nf3 e6 3. d4 cxd4 4. Nxd4 Nf6 5. Nc3 Nc6 6. Be2 Bb4 7. Qd3 0-0 8. 0-0 Bxc3 9. bxc3 d5 10. Bg5 dxe4 11. Qe3 Nd5 12. Qg3 Nxd4 13. cxd4 f6 14. Bd2 Qc7 15. Qxc7 Nxc7 16. c4 Rd8 17. Be3 b6 18. Rab1 Ba6 19. a4 Nd5 20. Rfc1 Nxe3 21. fxe3 Rac8 22. a5 Rb8 23. Ra1 Bc8 24. c5 bxc5 25. dxc5 Rb2 26. Bf1 Rdd2 27. Rd1 Kf7 28. c6 Rxd1 29. Rxd1 Ke7 30. h3 Rc2 31. Bb5 Rc5 32. Rb1 a6 33. Ba4 Kd6 0-1

[Event "Seebach op 23rd"]
[Site "Grossenseebach"]
[Date "2012.06.10"]
[Round "7"]
[White "Weigert, Wilhelm"]
[Black "Wegmann, Sven"]
[Result "1-0"]
[WhiteElo "1948"]
[BlackElo "1564"]
[PlyCount "65"]
[EventDate "2012.06.07"]
[EventType "swiss"]
[EventRounds "7"]
[EventCountry "GER"]
[SourceTitle "EXT 2013"]
[Source "ChessBase"]
[SourceDate "2012.11.22"]
[SourceVersion "1"]
[SourceVersionDate "2012.11.22"]
[SourceQuality "1"]

1. Nf3 d5 2. c4 e6 3. g3 c5 4. Bg2 Nf6 5. 0-0 Nc6 6. cxd5 exd5 7. d4 cxd4 8. Nxd4 Nxd4 9. Qxd4 Be7 10. Nc3 Be6 11. Bf4 0-0 12. Rfd1 Qd7 13. Be5 Rfd8 14. Rac1 b6 15. e3 Rac8 16. Ne2 Bc5 17. Qh4 Be7 18. Qf4 Bg4 19. Bf3 Bxf3 20. Qxf3 Qh3 21. Nf4 Qf5 22. Rxc8 Rxc8 23. Bxf6 Bxf6 24. Qxd5 Qc2 25. Rd2 Qb1+ 26. Kg2 h6 27. Qb7 Rc1 28. Qa8+ Kh7 29. Qe8 Rg1+ 30. Kf3 Qxa2 31. Nd5 Bxb2 32. Qxf7 Qa3 33. Ne7 1-0

[Event "Seebach op 23rd"]
[Site "Grossenseebach"]
[Date "2012.06.09"]
[Round "5"]
[White "Llugiq, Azem"]
[Black "Wegmann, Sven"]
[Result "0-1"]
[WhiteElo "1676"]
[BlackElo "1564"]
[PlyCount "96"]
[EventDate "2012.06.07"]
[EventType "swiss"]
[EventRounds "7"]
[EventCountry "GER"]
[SourceTitle "EXT 2013"]
[Source "ChessBase"]
[SourceDate "2012.11.22"]
[SourceVersion "1"]
[SourceVersionDate "2012.11.22"]
[SourceQuality "1"]

1. d4 d5 2. c4 e6 3. Nf3 c5 4. e3 Nc6 5. Nc3 Nf6 6. Be2 Bd6 7. cxd5 exd5 8. 0-0 0-0 9. dxc5 Bxc5 10. Nd4 Nxd4 11. exd4 Be7 12. Bf3 Be6 13. Bf4 Qb6 14. Na4 Qb5 15. b3 Rac8 16. Rc1 Rxc1 17. Qxc1 Bg4 18. Bxg4 Nxg4 19. h3 Nf6 20. Re1 Bb4 21. Bd2 Ne4 22. Bxb4 Qxb4 23. Qd1 b5 24. f3 Nd2 25. Re2 Qxd4+ 26. Kh1 Nxf3 27. Qxd4 Nxd4 28. Rd2 Nxb3 29. axb3 bxa4 30. Rxd5 axb3 31. Rb5 a5 32. Rxb3 Ra8 33. Kg1 a4 34. Ra3 Kf8 35. Kf2 Ke7 36. Ke3 Kf6 37. Ke4 Ke6 38. g4 g6 39. g5 Ra5 40. Kf4 Kd5 41. Re3 Ra7 42. Ra3 Kc4 43. Ke5 Kb4 44. Ra1 a3 45. Kf6 a2 46. Kg7 f5+ 47. Kf6 Kb3 48. h4 Kb2 0-1

[Event "Seebach op 23rd"]
[Site "Grossenseebach"]
[Date "2012.06.09"]
[Round "6"]
[White "Wegmann, Sven"]
[Black "Hoffmann, Steffen"]
[Result "1/2-1/2"]
[WhiteElo "1564"]
[BlackElo "1912"]
[PlyCount "48"]
[EventDate "2012.06.07"]
[EventType "swiss"]
[EventRounds "7"]
[EventCountry "GER"]
[SourceTitle "EXT 2013"]
[Source "ChessBase"]
[SourceDate "2012.11.22"]
[SourceVersion "1"]
[SourceVersionDate "2012.11.22"]
[SourceQuality "1"]

1. e4 c5 2. Nf3 e6 3. d4 cxd4 4. Nxd4 Nc6 5. c4 Nf6 6. Nc3 Bb4 7. Nxc6 bxc6 8. Qb3 Qa5 9. Bd2 Rb8 10. Bd3 0-0 11. 0-0 Qe5 12. Qd1 Bd6 13. g3 Qc5 14. Be3 Qa5 15. Rb1 Be5 16. Bd2 Qc7 17. b4 d5 18. exd5 exd5 19. cxd5 Bg4 20. Qb3 cxd5 21. Nxd5 Nxd5 22. Qxd5 Be6 23. Qe4 g6 24. Rbc1 Qd6 1/2-1/2

[Event "Seebach op 23rd"]
[Site "Grossenseebach"]
[Date "2012.06.08"]
[Round "3"]
[White "Rosin, Ralf"]
[Black "Wegmann, Sven"]
[Result "1-0"]
[WhiteElo "1963"]
[BlackElo "1564"]
[PlyCount "53"]
[EventDate "2012.06.07"]
[EventType "swiss"]
[EventRounds "7"]
[EventCountry "GER"]
[SourceTitle "EXT 2013"]
[Source "ChessBase"]
[SourceDate "2012.11.22"]
[SourceVersion "1"]
[SourceVersionDate "2012.11.22"]
[SourceQuality "1"]

1. d4 d5 2. Nf3 e6 3. e3 c5 4. c3 Nc6 5. Bd3 Nf6 6. Nbd2 Bd6 7. 0-0 0-0 8. Qe2 b6 9. e4 dxe4 10. Nxe4 cxd4 11. Nxf6+ gxf6 12. Qe4 f5 13. Qxc6 Rb8 14. Bh6 Re8 15. Bb5 Re7 16. Bg5 Bb7 17. Qc4 Bxf3 18. gxf3 f6 19. Bh6 dxc3 20. bxc3 Rc8 21. Qd4 Rc5 22. Kh1 Rf7 23. Bc4 Qe8 24. Qxd6 Rxc4 25. Rad1 Rxc3 26. Qxe6 Qe7 27. Rg1+ 1-0

[Event "Seebach op 23rd"]
[Site "Grossenseebach"]
[Date "2012.06.07"]
[Round "1"]
[White "Behnke, Michael"]
[Black "Wegmann, Sven"]
[Result "1-0"]
[WhiteElo "1665"]
[BlackElo "1564"]
[PlyCount "97"]
[EventDate "2012.06.07"]
[EventType "swiss"]
[EventRounds "7"]
[EventCountry "GER"]
[SourceTitle "EXT 2013"]
[Source "ChessBase"]
[SourceDate "2012.11.22"]
[SourceVersion "1"]
[SourceVersionDate "2012.11.22"]
[SourceQuality "1"]

1. d4 d5 2. Nf3 e6 3. c4 c5 4. Nc3 Nc6 5. cxd5 exd5 6. dxc5 Bxc5 7. Nxd5 Be6 8. Nc3 Qxd1+ 9. Nxd1 Nb4 10. Be3 Rd8 11. Rc1 Bxe3 12. Nxe3 Bxa2 13. g3 Nf6 14. Bh3 0-0 15. 0-0 Ne4 16. Rfd1 Nd6 17. Rd4 Nc6 18. Rd3 Nb4 19. Ra3 Nb5 20. Ra4 Nd4 21. Nxd4 Rxd4 22. Nf5 Bb3 23. Rxa7 Re4 24. Rxb7 Be6 25. Ne7+ Kh8 26. Bxe6 Rxe6 27. Rxb4 Rxe7 28. e3 h6 29. Rbc4 Kh7 30. Rc7 Re6 31. b4 Rb8 32. Rb1 Reb6 33. Rxf7 Rxb4 34. Rxb4 Rxb4 35. Kg2 Rb1 36. Kf3 Re1 37. e4 Kg6 38. Ra7 Rh1 39. h4 Re1 40. Ra6+ Kh7 41. Kf4 Re2 42. f3 Re1 43. h5 Re2 44. g4 Re1 45. Kf5 Re2 46. e5 Re1 47. e6 Re3 48. f4 Re1 49. Ra5 1-0

[Event "Forchheim op 10th"]
[Site "Forchheim"]
[Date "2011.10.08"]
[Round "2"]
[White "Wegmann, Sven"]
[Black "Kunkel, Heinrich"]
[Result "1/2-1/2"]
[WhiteElo "1687"]
[BlackElo "1209"]
[PlyCount "54"]
[EventDate "2011.10.07"]
[EventType "swiss"]
[EventRounds "5"]
[EventCountry "GER"]
[SourceTitle "CBM 144 Extra"]
[Source "ChessBase"]
[SourceDate "2011.10.28"]
[SourceVersion "1"]
[SourceVersionDate "2011.10.28"]
[SourceQuality "1"]

1. e4 e5 2. Nf3 d6 3. Nc3 Be6 4. Bb5+ c6 5. Ba4 Be7 6. 0-0 Nf6 7. Bb3 Bxb3 8. axb3 0-0 9. d3 b5 10. Bg5 a6 11. Nh4 b4 12. Ne2 Ne8 13. Bxe7 Qxe7 14. Nf5 Qf6 15. Neg3 g6 16. Ne3 Ng7 17. Qd2 c5 18. f3 Nc6 19. Rf2 Ne7 20. Raf1 g5 21. Nc4 h6 22. Ra1 Nc6 23. Rff1 Ra7 24. Ra2 Rfa8 25. Rfa1 Qd8 26. c3 a5 27. Kf2 f6 1/2-1/2

[Event "Forchheim op 10th"]
[Site "Forchheim"]
[Date "2011.10.07"]
[Round "1"]
[White "Semenova, Alisa"]
[Black "Wegmann, Sven"]
[Result "1-0"]
[WhiteElo "1156"]
[BlackElo "1687"]
[PlyCount "151"]
[EventDate "2011.10.07"]
[EventType "swiss"]
[EventRounds "5"]
[EventCountry "GER"]
[SourceTitle "CBM 144 Extra"]
[Source "ChessBase"]
[SourceDate "2011.10.28"]
[SourceVersion "1"]
[SourceVersionDate "2011.10.28"]
[SourceQuality "1"]

1. e4 c5 2. Nf3 d6 3. d4 cxd4 4. Nxd4 Nf6 5. Nc3 g6 6. Be3 Bg7 7. Be2 Nc6 8. 0-0 0-0 9. Qd2 Bd7 10. a3 Rc8 11. Rac1 Ne5 12. h3 Nc4 13. Bxc4 Rxc4 14. b3 Rc8 15. Rfd1 Qa5 16. Nd5 Qxd2 17. Nxe7+ Kh8 18. Rxd2 Rce8 19. Nd5 Nxe4 20. Rdd1 Be6 21. Nc7 Re7 22. Ncxe6 fxe6 23. Nb5 Rd8 24. f3 Nc3 25. Nxc3 Bxc3 26. Bg5 Red7 27. Bxd8 Rxd8 28. Rb1 Kg7 29. Rd3 Be5 30. Re1 Kf6 31. c4 Bg3 32. Re4 b6 33. f4 Kf5 34. Red4 Bxf4 35. g3 Be5 36. Rf3+ Kg5 37. Rg4+ Kh6 38. Rf7 g5 39. h4 gxh4 40. Rxh4+ Kg5 41. Rhxh7 a5 42. Kg2 Rg8 43. Rh3 Bb2 44. a4 Bd4 45. Rf4 Be5 46. Rf3 Bd4 47. Rh4 Bc5 48. Rff4 Re8 49. Re4 e5 50. Rhf4 Re6 51. Rf1 Re7 52. g4 Kg6 53. Rf5 Rh7 54. Re1 Rh4 55. Kg3 Rh7 56. Re2 Rh1 57. Rd2 Rg1+ 58. Rg2 Rb1 59. Rf3 e4 60. Rf4 Rxb3+ 61. Kh4 e3 62. g5 Ra3 63. Rf6+ Kg7 64. Kh5 Rxa4 65. g6 Rxc4 66. Rf7+ Kg8 67. g7 d5 68. Rd7 Be7 69. Rxe7 Rc8 70. Rxe3 d4 71. Rh3 b5 72. Kg6 Rc6+ 73. Kf5 Kf7 74. g8Q+ Ke7 75. Rg6 Rc5+ 76. Ke4 1-0

[Event "Mittelfranken-ch QT 59th"]
[Site "Forchheim"]
[Date "2010.04.01"]
[Round "3"]
[White "Koerber, Christian"]
[Black "Wegmann, Sven"]
[Result "1-0"]
[WhiteElo "1571"]
[BlackElo "1421"]
[PlyCount "133"]
[EventDate "2010.03.31"]
[EventType "swiss"]
[EventRounds "7"]
[EventCountry "GER"]
[SourceTitle "EXT 2011"]
[Source "ChessBase"]
[SourceDate "2010.11.26"]
[SourceVersion "1"]
[SourceVersionDate "2010.11.26"]
[SourceQuality "1"]

1. d4 d5 2. Nf3 e6 3. e3 c5 4. b3 Nf6 5. Bb2 Nc6 6. Bd3 Be7 7. 0-0 0-0 8. Nbd2 b6 9. Ne5 Bb7 10. f4 Bd6 11. Rf3 Qe7 12. Rh3 Ne4 13. Nxe4 dxe4 14. Bxe4 h6 15. Bxc6 Bxe5 16. Bxb7 Qxb7 17. fxe5 cxd4 18. exd4 Qe4 19. Qd3 Qf4 20. Qe3 Qf5 21. Qd3 Qf4 22. Rf3 Qg4 23. Rg3 Qf4 24. Qe3 Qh4 25. Bc1 Kh8 26. c3 f6 27. Rh3 Qg4 28. Qf3 Qg6 29. Qg3 Qh7 30. exf6 Rxf6 31. Qe5 Raf8 32. Bg5 Rf5 33. Rxh6 Qxh6 34. Bxh6 Rxe5 35. Bxg7+ Kxg7 36. dxe5 Rc8 37. c4 Rc5 38. Rd1 a6 39. Rd6 Rxe5 40. Rxb6 a5 41. Rb5 Re1+ 42. Kf2 Rd1 43. Rxa5 Kf6 44. c5 Ke5 45. c6+ Kd6 46. Ra6 Rd2+ 47. Kf3 Kc7 48. b4 Rb2 49. a3 Rb3+ 50. Kf4 Rb2 51. g4 Rxh2 52. b5 Rf2+ 53. Ke5 Rb2 54. a4 Rb4 55. g5 Rg4 56. Kf6 e5 57. Ra7+ Kd6 58. c7 Kd7 59. b6 Rb4 60. Ra8 Rxb6+ 61. Kxe5 Kxc7 62. Kf5 Kd7 63. g6 Ke7 64. g7 Rf6+ 65. Ke5 Re6+ 66. Kd5 Rd6+ 67. Kc5 1-0

[Event "Mittelfranken-ch QT 59th"]
[Site "Forchheim"]
[Date "2010.03.31"]
[Round "2"]
[White "Wegmann, Sven"]
[Black "Schneider, Peter1111"]
[Result "1-0"]
[WhiteElo "1421"]
[BlackElo "1480"]
[PlyCount "45"]
[EventDate "2010.03.31"]
[EventType "swiss"]
[EventRounds "7"]
[EventCountry "GER"]
[SourceTitle "EXT 2011"]
[Source "ChessBase"]
[SourceDate "2010.11.26"]
[SourceVersion "1"]
[SourceVersionDate "2010.11.26"]
[SourceQuality "1"]

1. e4 c6 2. d4 d5 3. Nc3 dxe4 4. Nxe4 Bf5 5. Nc3 Nf6 6. Nf3 e6 7. Bf4 Bb4 8. a3 Ba5 9. Bc4 Ne4 10. 0-0 Nxc3 11. bxc3 Bxc3 12. Rb1 b5 13. Bd3 Bg4 14. h3 Bxf3 15. Qxf3 a6 16. Bxb8 Bxd4 17. Qxc6+ Ke7 18. Qxa8 Qxb8 19. Qxa6 Rd8 20. Rxb5 Qf4 21. Qa5 g6 22. Rb7+ Ke8 23. Bb5+ 1-0

[Event "Nuremberg Zabo op 10th"]
[Site "Nuremberg"]
[Date "2008.09.21"]
[Round "4"]
[White "Bilchinski, Anton"]
[Black "Wegmann, Sven"]
[Result "1-0"]
[WhiteElo "1358"]
[BlackElo "904"]
[PlyCount "111"]
[EventDate "2008.09.19"]
[EventType "swiss"]
[EventRounds "5"]
[EventCountry "GER"]
[SourceTitle "EXT 2012"]
[Source "ChessBase"]
[SourceDate "2011.11.24"]
[SourceVersion "1"]
[SourceVersionDate "2011.11.24"]
[SourceQuality "1"]

1. d4 d5 2. Nf3 e6 3. c4 c5 4. cxd5 exd5 5. dxc5 Bxc5 6. e3 Nc6 7. Nc3 Nf6 8. Bb5 Bd7 9. 0-0 0-0 10. h3 a6 11. Bd3 b5 12. a3 d4 13. exd4 Nxd4 14. Nxd4 Bxd4 15. Bxh7+ Kxh7 16. Qxd4 Rc8 17. Bg5 Rc4 18. Qd3+ Kg8 19. Nd5 Rc6 20. Nxf6+ gxf6 21. Bh6 Rc5 22. Bxf8 Kxf8 23. Qd6+ Qe7 24. Qxe7+ Kxe7 25. Rfe1+ Be6 26. Rac1 Rd5 27. b4 Rg5 28. f4 Rf5 29. Re4 Kd7 30. Rd4+ Ke7 31. g4 Rd5 32. Rxd5 Bxd5 33. Rd1 Bf3 34. Rd2 Bb7 35. f5 Kf8 36. Kf2 Kg7 37. Kg3 Kh6 38. Rd7 Bc8 39. Rxf7 Kg5 40. h4+ Kh6 41. Rxf6+ Kg7 42. g5 Kh7 43. h5 Bd7 44. h6 Be8 45. Rxa6 Kg8 46. g6 Kh8 47. Kh4 Bd7 48. f6 Bf5 49. g7+ Kg8 50. Kg5 Bh7 51. Ra8+ Kf7 52. Rh8 Bg8 53. h7 Bxh7 54. Rxh7 Kg8 55. Rh8+ Kf7 56. g8Q# 1-0

[Event "Nuremberg Zabo op 10th"]
[Site "Nuremberg"]
[Date "2008.09.20"]
[Round "2"]
[White "Gottsmann, Helmut"]
[Black "Wegmann, Sven"]
[Result "1-0"]
[WhiteElo "1422"]
[BlackElo "904"]
[PlyCount "45"]
[EventDate "2008.09.19"]
[EventType "swiss"]
[EventRounds "5"]
[EventCountry "GER"]
[SourceTitle "EXT 2012"]
[Source "ChessBase"]
[SourceDate "2011.11.24"]
[SourceVersion "1"]
[SourceVersionDate "2011.11.24"]
[SourceQuality "1"]

1. e4 e5 2. Nf3 d6 3. Bc4 Be6 4. Bxe6 fxe6 5. 0-0 Nc6 6. d4 exd4 7. Nxd4 Nxd4 8. Qxd4 Qd7 9. Nc3 e5 10. Qd3 0-0-0 11. Be3 c5 12. Rad1 Nf6 13. Qe2 h6 14. Bxc5 Kb8 15. Nb5 b6 16. Bxd6+ Bxd6 17. Nxd6 Qe7 18. Nf5 Rxd1 19. Rxd1 Qf7 20. Qb5 g6 21. Qxe5+ Kc8 22. Nd6+ Kb8 23. Nxf7+ 1-0

[Event "Nuremberg Zabo op 10th"]
[Site "Nuremberg"]
[Date "2008.09.20"]
[Round "3"]
[White "Wegmann, Sven"]
[Black "Heinlein, Hans Albert"]
[Result "0-1"]
[WhiteElo "904"]
[BlackElo "1472"]
[PlyCount "78"]
[EventDate "2008.09.19"]
[EventType "swiss"]
[EventRounds "5"]
[EventCountry "GER"]
[SourceTitle "EXT 2012"]
[Source "ChessBase"]
[SourceDate "2011.11.24"]
[SourceVersion "1"]
[SourceVersionDate "2011.11.24"]
[SourceQuality "1"]

1. e4 e5 2. Nf3 d6 3. Bc4 h6 4. 0-0 Bg4 5. Be2 Nf6 6. Ne1 Bxe2 7. Qxe2 c5 8. b3 Nc6 9. Bb2 Qd7 10. Nf3 Be7 11. Na3 0-0 12. Nc4 Rad8 13. c3 b5 14. Ne3 b4 15. Nf5 Kh7 16. d4 exd4 17. cxd4 g6 18. Nxe7 Qxe7 19. dxc5 dxc5 20. Rfe1 Rfe8 21. Qb5 Rc8 22. e5 Nd5 23. Qc4 Nc7 24. Re4 Ne6 25. Qd5 Red8 26. Qc4 Rc7 27. a3 Rcd7 28. Ree1 Ncd4 29. Nxd4 Nxd4 30. axb4 cxb4 31. Rad1 Nf3+ 32. gxf3 Rxd1 33. Rxd1 Rxd1+ 34. Kg2 Qg5+ 35. Kh3 Qf5+ 36. Kh4 Rg1 37. Qg4 Rxg4+ 38. fxg4 Qxf2+ 39. Kh3 Qxb2 0-1